00394nam a2200157Ia 4500008004100000020001500041041001200056082001100068100001500079245007500094250000800169260002500177300000800202650000700210700001900217221030s9999 xx 000 0 und d a007061105X aEnglish a105.23 aW. H. Hayt 0aEngineering Circuit Analysis (with CD)cby W. H. Hayt, J. E. Kemmerly a6th bTMHaNew Delhic2007 a781 aEE aJ. E. Kemmerly